El fracaso escolar

Guardat en:
Dades bibliogràfiques
Autor principal: Avanzini, Guy (Autor)
Format: Llibre
Idioma:espanyol
Publicat: Barcelona Herder 1979
Edició:2a. ed
Col·lecció:Problemas de pedagogía, 10
Matèries:
Etiquetes: Afegir etiqueta
Sense etiquetes, Sigues el primer a etiquetar aquest registre!

MARC

LEADER 00000nam a2200000 a 4500
001 UCZ0730
003 CL-VaPUC
008 950809e19790000SP |||||||||||||||||spa|d
082 0 4 |a 371.28  |b AVA  |2 21 
100 0 |a Avanzini, Guy  |e author  |9 343908 
245 1 3 |a El fracaso escolar 
250 |a 2a. ed 
300 |a 187 p 
942 |c BK 
945 |d 19950809 00:00:00  |a cmena 
260 |a Barcelona  |b Herder  |c 1979 
650 7 |a FRACASO ESCOLAR  |2 CL-VaPUC  |9 308828 
650 7 |a DESERCION ESCOLAR  |2 CL-VaPUC  |9 307945 
650 0 |a Trastornos del aprendizaje  |9 307969 
650 0 |a Psicología del niño  |9 307305 
650 7 |a RELACION ESCUELA ALUMNO  |2 CL-VaPUC  |9 334718 
650 0 |a Psicología educacional   |9 307830 
650 0 |a Escuelas  |9 308582 
650 0 |a Sociología de la educación   |9 260380 
650 0 |a Niños  |9 255605 
650 0 |a Familias   |9 255641 
650 7 |a PSICOTERAPIA  |2 CL-VaPUC  |9 343909 
583 |a last modification  |c 19950809 00:00:00  |k Rodrigo Vera 
490 0 |a Problemas de pedagogía, 10 
999 |c 237638  |d 237636 
952 |0 0  |1 0  |4 0  |6 371_280000000000000_AVA_1979  |7 0  |8 A  |9 247084  |a BIBEDU  |b BIBEDU  |d 2019-11-18  |i 1552740  |o 371.28 AVA 1979  |p 1552740  |r 2019-11-18  |w 2019-11-18  |y BK  |k EDU 
952 |0 0  |1 0  |4 0  |6 371_280000000000000_AVA_1979  |7 0  |8 A  |9 247085  |a BIBEDU  |b BIBEDU  |d 2019-11-18  |i 1552759  |o 371.28 AVA 1979  |p 1552759  |r 2019-11-18  |w 2019-11-18  |y BK  |k EDU 
952 |0 0  |1 0  |4 0  |6 371_280000000000000_AVA_1979  |7 0  |8 A  |9 247086  |a BIBEDU  |b BIBEDU  |d 2019-11-18  |i 1552767  |o 371.28 AVA 1979  |p 1552767  |r 2019-11-18  |w 2019-11-18  |y BK  |k EDU 
952 |0 0  |1 0  |4 0  |6 371_280000000000000_AVA_1979  |7 0  |8 A  |9 247087  |a BIBEDU  |b BIBEDU  |d 2019-11-18  |i 3215717  |o 371.28 AVA 1979  |p 3215717  |r 2019-11-18  |w 2019-11-18  |y BK  |k EPE 
952 |0 0  |1 0  |4 0  |6 371_280000000000000_AVA_1979  |7 0  |8 A  |9 247088  |a BIBEDU  |b BIBEDU  |d 2019-11-18  |i 3215725  |o 371.28 AVA 1979  |p 3215725  |r 2019-11-18  |w 2019-11-18  |y BK  |k EPE